Culture foot - Sélection de tuiles - Statistiques

Statistiques générales
  • Ce quiz a été pris 511 fois
  • Le résultat moyen est 43 sur 54
Statistiques - réponses
Question Tuile Select % Correct
Les Clubs ayant remporté la Ligue des Champions Oui
99%
Les Clubs ayant remporté la Ligue des Champions Oui
96%
Les clubs italiens Non
96%
Les clubs italiens Non
96%
Les clubs italiens Oui
95%
Les clubs italiens Non
95%
Les Clubs ayant remporté la Ligue des Champions Oui
94%
Les clubs italiens Oui
94%
Les clubs asiatiques Non
94%
Les clubs asiatiques Non
94%
Les clubs de Zlatan Ibrahimovic Oui
94%
Les clubs de Zlatan Ibrahimovic Non
94%
Les clubs de Zlatan Ibrahimovic Non
93%
Les Clubs ayant remporté la Ligue des Champions Oui
92%
Les clubs de Zlatan Ibrahimovic Non
92%
Les clubs italiens Oui
90%
Les clubs asiatiques Non
90%
Les Clubs ayant remporté la Ligue des Champions Non
89%
Les clubs italiens Oui
89%
Les clubs italiens Non
89%
Les clubs asiatiques Non
89%
Les clubs de Zlatan Ibrahimovic Oui
88%
Les clubs de Zlatan Ibrahimovic Non
87%
Les Clubs ayant remporté la Ligue des Champions Oui
86%
Les clubs ayant actuellement ADIDAS comme équipementier Non
86%
Les clubs de Zlatan Ibrahimovic Oui
86%
Les clubs italiens Oui
85%
Les Clubs ayant remporté la Ligue des Champions Non
83%
Les clubs de Zlatan Ibrahimovic Oui
83%
Les Clubs ayant remporté la Ligue des Champions Non
82%
Les clubs de Nicolas Anelka Non
82%
Les clubs de Nicolas Anelka Oui
81%
Les Clubs ayant remporté la Ligue des Champions Oui
78%
Les clubs ayant actuellement ADIDAS comme équipementier Oui
76%
Les clubs asiatiques Oui
76%
Les clubs de Nicolas Anelka Oui
75%
Les clubs asiatiques Oui
75%
Les clubs de Nicolas Anelka Non
73%
Les clubs asiatiques Non
73%
Les clubs asiatiques Oui
72%
Les clubs ayant actuellement ADIDAS comme équipementier Oui
71%
Les clubs ayant actuellement ADIDAS comme équipementier Oui
70%
Les clubs de Zlatan Ibrahimovic Oui
69%
Les clubs ayant actuellement ADIDAS comme équipementier Non
68%
Les clubs de Nicolas Anelka Oui
66%
Les clubs asiatiques Oui
63%
Les clubs de Nicolas Anelka Non
60%
Les clubs ayant actuellement ADIDAS comme équipementier Oui
56%
Les clubs ayant actuellement ADIDAS comme équipementier Oui
54%
Les clubs ayant actuellement ADIDAS comme équipementier Oui
50%
Les clubs ayant actuellement ADIDAS comme équipementier Oui
47%
Les clubs de Nicolas Anelka Oui
46%
Les clubs de Nicolas Anelka Oui
43%
Les clubs de Nicolas Anelka Oui
34%
Aucun quiz correspondant
Distribution des résultats
% des personnes avec chaque résultat
Percentile par nombre de réponses
Votre historique - résultats
Vous n’avez pas pris ce quiz